| 000 | 00790nam a22002415i 4500 | ||
|---|---|---|---|
| 001 | 176356 | ||
| 003 | ES-MaACL | ||
| 005 | 20250819055803.0 | ||
| 008 | 110111s1982 sp |||| | spa d | ||
| 020 | _a84-277-0548-4 | ||
| 080 | _a321.64 | ||
| 100 | 0 |
_aBourderon, Roger. _9144656 |
|
| 245 | 1 | 0 |
_aFascismo _b: ideología y prácticas / _cRoger Bourderon ; [traducción: Carmen Bueno]. |
| 260 |
_aMadrid : _bNarcea, _cD. L. 1982. |
||
| 300 |
_a220 p. ; _c18 cm. |
||
| 490 | 1 |
_aBitácora. Biblioteca del estudiante ; _v82 |
|
| 504 | _aBibliografía: p. 219-220. | ||
| 650 | 7 |
_aFascismo _2embne _9144658 |
|
| 700 | 1 |
_aBueno, Carmen. _9144651 |
|
| 830 | 0 |
_aBitácora. Biblioteca del estudiante ; _v82 _9181903 |
|
| 852 |
_aES-MaACL _jE-13999 _xOlim P-1892 |
||
| 999 |
_c176356 _d176356 |
||